WNG jaartallen - havo 5 SE1 - Statistieken

Algemene statistieken
  • Deze quiz is 1.966 keer genomen
    1.463 sinds de laatste reset
  • De gemiddelde score is 8 van 15
Antwoordstatistieken
Hint Antwoord % Correct
Columbus ontdekt Amerika 1492
91%
Pilgrim Fathers stichten hun nederzetting 1620
72%
Eerste succesvolle Britse expeditie naar Amerika 1585
70%
Factory Acts / Britten schaffen slavernij af 1833
66%
Oprichting van de East India Company 1600
65%
Verdrag van Allahabad 1765
63%
Britten schaffen de slavenhandel af 1807
60%
Begin Amerikaanse Revolutie 1776
58%
Reform Bill 1832
47%
Victoria wordt keizerin van India 1876
46%
Groot-Brittannië heerst over een kwart van de wereldbevolking 1900
43%
Het Indian National Congress wordt opgericht 1885
40%
Eerste wereldtentoonstelling in Londen 1851
39%
Opstand onder Indiase soldaten van het Brits-Indische Leger 1857
35%
Begin economische concurrentie met de Verenigde Staten en Duitsland 1870
29%
Geen overeenkomende quizzen gevonden
Scoreverdeling
Procent van Mensen met Elke Score
Percentiel versus Aantal Correcte Antwoorden
Uw Scoregeschiedenis
U heeft deze quiz nog niet genomen sinds de laatste reset